000 00554nam a22001937a 4500
999 _c65988
_d65985
003 PK-NaQUE
005 20250722125825.0
008 250722b ||||| |||| 00| 0 eng d
020 _a0195693752
040 _cQUEST
082 _a519.5PAL
100 _aPal, Srimanta
245 _aNumerical Methods: principles, analyses, and algorithms
260 _aNew Delhi:
_bOxdord University Press,
_c2014.
300 _a812p. ;
650 _aNumerical Analysis
856 _uhttp://10.10.170.122:8080/browse/book/27863
_yDownload eBook
942 _cBK
_2ddc